MARC

LEADER 00000nam0a2200000 4500
001 146873
005 20231101221246.0
035 |a (RuTPU)RU\TPU\book\159206 
090 |a 146873 
100 |a 20081105d1976 k y0rusy50 ca 
101 0 |a rus 
102 |a RU 
105 |a a z 001zy 
200 1 |a Оболочки в потоке жидкости и газа. Задачи аэроупругости  |f А. С. Вольмир 
210 |a Москва  |c Наука  |d 1976 
215 |a 416 с.  |c ил. 
320 |a Библиогр.: с. 390-413. 
320 |a Предметный указатель: с. 414-416. 
606 1 |a Гидроупругость  |x (аэродинамика)  |2 stltpush  |3 (RuTPU)RU\TPU\subj\64814  |9 81557 
610 1 |a оболочки 
610 1 |a жидкости 
610 1 |a газы 
610 1 |a аэроупругость 
610 1 |a разрывы 
610 1 |a динамические воздействия 
610 1 |a динамические воздействия 
610 1 |a акустические воздействия 
610 1 |a турбулентный слой 
610 1 |a акустические воздействия 
610 1 |a тепловое поле 
610 1 |a магнитное поле 
675 |a 533.6.01  |v 3 
700 1 |a Вольмир  |b А. С.  |g Арнольд Сергеевич 
801 1 |a RU  |b 63413507  |c 20081105  |g PSBO 
801 2 |a RU  |b 63413507  |c 20180212  |g PSBO 
942 |c BK